Detalles MARC
| 000 -CABECERA |
| campo de control de longitud fija |
03020nam a2200325 4500 |
| 001 - NÚMERO DE CONTROL |
| campo de control |
113458 |
| 003 - IDENTIFICADOR DEL NÚMERO DE CONTROL |
| campo de control |
DR-UNIBE |
| 005 - FECHA Y HORA DE LA ÚLTIMA TRANSACCIÓN |
| campo de control |
20250416144030.0 |
| 008 - DATOS DE LONGITUD FIJA--INFORMACIÓN GENERAL |
| campo de control de longitud fija |
250416b1998 dr ||||| |||| 00| 0 spa d |
| 040 ## - FUENTE DE LA CATALOGACIÓN |
| Centro catalogador/agencia de origen |
BIBLIOTECA UNIBE |
| Lengua de catalogación |
spa |
| Centro/agencia transcriptor |
BIBLIOTECA UNIBE |
| 041 ## - CÓDIGO DE LENGUA |
| Código de lengua del texto/banda sonora o título independiente |
spa |
| 082 ## - NÚMERO DE LA CLASIFICACIÓN DECIMAL DEWEY |
| Número de edición |
22 |
| Número de clasificación |
RD 343.72930946 C352d |
| 100 1# - ENTRADA PRINCIPAL--NOMBRE DE PERSONA |
| Nombre de persona |
Castillo Pantaleón, Juan Miguel |
| Término indicativo de función/relación |
autor |
| 9 (RLIN) |
42244 |
| 245 10 - MENCIÓN DE TÍTULO |
| Título |
Derecho del tránsito de la República Dominicana : |
| Resto del título |
responsabilidad civil, legislación vigente, jurisprudencia, índice alfabético / |
| Mención de responsabilidad, etc. |
Juan Miguel Castillo Pantaleón |
| 250 ## - MENCIÓN DE EDICIÓN |
| Mención de edición |
Primera edición |
| 260 ## - PUBLICACIÓN, DISTRIBUCIÓN, ETC. |
| Lugar de publicación, distribución, etc. |
Santo Domingo : |
| Nombre del editor, distribuidor, etc. |
Autoridad Metropolitana de Transporte (AMET), |
| Fecha de publicación, distribución, etc. |
1998 |
| 300 ## - DESCRIPCIÓN FÍSICA |
| Extensión |
455 páginas |
| 505 0# - NOTA DE CONTENIDO CON FORMATO |
| Nota de contenido con formato |
Presentación |<br/>Prólogo |<br/>Algunas notas sobre responsabilidades civil en materia de accidentes de tránsito |<br/>Cronología de las disposiciones relativas al tránsito de vehículos. Primera parte: 1917-1967 |<br/>Cronología de las disposiciones relativas al tránsito de vehículos. Segunda parte: 1967-1998 |<br/>Ley 241 sobre tránsito de vehículos |<br/>Título I. Definiciones |<br/>Título II. Registro de vehículos de motor y remolques |<br/>Título III. Licencia de conducir |<br/>Título IV. Accidentes |<br/>Título V. Disposiciones sobre tránsito y seguridad |<br/>Título VI. Equipos de los vehículos |<br/>Título VII. De las dimensiones y peso de los vehículos y de sus cargas |<br/>Título VIII. Servicio público. urbano e interurbano |<br/>Título IX. Sistema de denuncia y citación simultáneas |<br/>Título X. Escuela para conductores de vehículos de motor |<br/>Título XI. Vehículos de motor conducidos por quien lo alquila |<br/>Título XII. Suspensiones y cancelaciones de licencias y notificación de sentencia |<br/>Título XIII. Uso de la vía pública por los vehículos de motor |<br/>Título XIV. Disposiciones generales |<br/>Título XV. Disposiciones transitorias |<br/>Apéndices|<br/>Apéndice I. Normas sobre señales de tránsito |<br/>Apéndice II. Normas sobre seguro obligatorio |<br/>Apéndice III. Normas que crean instituciones reguladoras del tránsito |<br/>Apéndice IV. Normas sobre conducción y comportamiento vial |<br/>Apéndice V. Normas administrativas especiales |<br/>Apéndice VI. Normas sobre estacionamiento de vehículos |<br/>Índice de materias de las disposiciones de la ley 241, sobre tránsito de vehículos, sus modificaciones y complementos<br/> |
| 650 #7 - PUNTO DE ACCESO ADICIONAL DE MATERIA--TÉRMINO DE MATERIA |
| Fuente del encabezamiento o término |
lemb |
| Término de materia o nombre geográfico como elemento de entrada |
Derecho civil |
| Subdivisión geográfica |
República Dominicana |
| 9 (RLIN) |
4437 |
| 650 #7 - PUNTO DE ACCESO ADICIONAL DE MATERIA--TÉRMINO DE MATERIA |
| Fuente del encabezamiento o término |
lemb |
| Término de materia o nombre geográfico como elemento de entrada |
Responsabilidad civil |
| 650 #7 - PUNTO DE ACCESO ADICIONAL DE MATERIA--TÉRMINO DE MATERIA |
| Fuente del encabezamiento o término |
lemb |
| Término de materia o nombre geográfico como elemento de entrada |
Jurisprudencia civil |
| Subdivisión geográfica |
República Dominicana |
| 9 (RLIN) |
4447 |
| 650 #7 - PUNTO DE ACCESO ADICIONAL DE MATERIA--TÉRMINO DE MATERIA |
| Fuente del encabezamiento o término |
lemb |
| Término de materia o nombre geográfico como elemento de entrada |
Reglamentos del tránsito |
| Subdivisión geográfica |
República Dominicana |
| 9 (RLIN) |
28220 |
| 650 #7 - PUNTO DE ACCESO ADICIONAL DE MATERIA--TÉRMINO DE MATERIA |
| Fuente del encabezamiento o término |
lemb |
| Término de materia o nombre geográfico como elemento de entrada |
Responsabilidad por accidentes de tránsito |
| 650 #7 - PUNTO DE ACCESO ADICIONAL DE MATERIA--TÉRMINO DE MATERIA |
| Fuente del encabezamiento o término |
lemb |
| Término de materia o nombre geográfico como elemento de entrada |
Infracciones de tránsito |
| 9 (RLIN) |
52915 |
| 650 #7 - PUNTO DE ACCESO ADICIONAL DE MATERIA--TÉRMINO DE MATERIA |
| Fuente del encabezamiento o término |
lemb |
| Término de materia o nombre geográfico como elemento de entrada |
Tránsito |
| Subdivisión general |
Legislación |
| Subdivisión geográfica |
República Dominicana |
| 9 (RLIN) |
194365 |
| 651 #7 - PUNTO DE ACCESO ADICIONAL DE MATERIA--NOMBRE GEOGRÁFICO |
| Fuente del encabezamiento o término |
lemb |
| Nombre geográfico |
República Dominicana |
| Subdivisión general |
Ley no. 241 |
| 9 (RLIN) |
194326 |
| 700 1# - PUNTO DE ACCESO ADICIONAL--NOMBRE DE PERSONA |
| Nombre de persona |
Hermann, Hamlet |
| Término indicativo de función/relación |
presentación |
| 9 (RLIN) |
194327 |
| 700 1# - PUNTO DE ACCESO ADICIONAL--NOMBRE DE PERSONA |
| Nombre de persona |
Yermenos Forastieri, Pedro P. |
| Término indicativo de función/relación |
prologuista |
| 9 (RLIN) |
194328 |
| 942 ## - ELEMENTOS DE PUNTO DE ACCESO ADICIONAL (KOHA) |
| Fuente del sistema de clasificación o colocación |
Sistema de Clasificación Decimal Dewey |
| Tipo de ítem Koha |
Libro (general) |